[Event "Moscow_Open_19_TurnirA"]
[Site "?"]
[Date "2019.02.01"]
[Round "7.9"]
[White "Fakhrutdinov, Timur"]
[Black "Kryakvin, Dmitry"]
[Result "1/2-1/2"]
[BlackElo "2588"]
[WhiteElo "2481"]
[LiveChessVersion "1.4.8"]

1. e4 {[%clk 1:30:57]} c5 {[%clk 1:30:53]} 2. Nf3 {[%clk 1:31:22]} Nc6
{[%clk 1:31:16]} 3. d4 {[%clk 1:31:46]} cxd4 {[%clk 1:31:40]} 4. Nxd4
{[%clk 1:32:12]} e5 {[%clk 1:32:02]} 5. Nb5 {[%clk 1:32:32]} d6 {[%clk 1:32:25]}
6. N1c3 {[%clk 1:32:29]} a6 {[%clk 1:32:47]} 7. Na3 {[%clk 1:32:55]} b5
{[%clk 1:33:11]} 8. Nd5 {[%clk 1:33:15]} Nge7 {[%clk 1:33:29]} 9. c4
{[%clk 1:32:41]} Nxd5 {[%clk 1:33:31]} 10. exd5 {[%clk 1:32:15]} Nd4
{[%clk 1:33:33]} 11. cxb5 {[%clk 1:31:43]} Be7 12. Bc4 O-O {[%clk 1:17:10]} 13.
O-O {[%clk 1:29:57]} Bf6 14. Be3 {[%clk 1:14:08]} Nf5 {[%clk 1:14:20]} 15. bxa6
{[%clk 0:56:48]} e4 16. Qe2 Be5 {[%clk 0:48:51]} 17. Rab1 {[%clk 0:40:42]} Nh4
18. Nc2 {[%clk 0:14:07]} f5 {[%clk 0:34:30]} 19. f4 {[%clk 0:13:36]} exf3
{[%clk 0:34:51]} 20. gxf3 {[%clk 0:13:50]} f4 {[%clk 0:26:00]} 21. Bd4
{[%clk 0:13:50]} Re8 {[%clk 0:25:11]} 22. Qd2 {[%clk 0:10:27]} Bxa6
{[%clk 0:20:18]} 23. Bxa6 {[%clk 0:09:43]} Rxa6 {[%clk 0:20:44]} 24. Kh1
{[%clk 0:07:49]} Qf6 {[%clk 0:15:57]} 25. a3 {[%clk 0:05:07]} Bxd4
{[%clk 0:12:42]} 26. Nxd4 {[%clk 0:05:09]} Re3 {[%clk 0:12:39]} 27. Rbe1
{[%clk 0:04:33]} Ra4 {[%clk 0:10:34]} 28. Rd1 Qe5 29. Qf2 {[%clk 0:00:52]} Qh5
{[%clk 0:07:19]} 30. Qc2 {[%clk 0:00:44]} Ra8 {[%clk 0:04:13]} 31. Ne6
{[%clk 0:00:45]} Rxf3 {[%clk 0:02:18]} 32. Qe4 {[%clk 0:00:45]} Ra4
{[%clk 0:00:36]} 33. b4 {[%clk 0:00:40]} Raxa3 {[%clk 0:00:47]} 34. Nxf4
{[%clk 0:00:55]} Qf7 {[%clk 0:00:39]} 35. Rc1 {[%clk 0:00:37]} Rxf1+
{[%clk 0:00:42]} 36. Rxf1 {[%clk 0:01:02]} g5 {[%clk 0:00:46]} 37. Qe6
{[%clk 0:00:40]} Nf3 {[%clk 0:00:38]} 38. Qc8+ {[%clk 0:00:40]} Kg7
{[%clk 0:00:35]} 39. Ne6+ {[%clk 0:00:56]} Kh6 {[%clk 0:00:57]} 40. Qc2
{[%clk 0:30:36]} Nh4 {[%clk 0:30:34]} 41. Qe2 {[%clk 0:16:05]} Re3
{[%clk 0:26:28]} 42. Rxf7 {[%clk 0:07:25]} Rxe2 {[%clk 0:26:51]} 43. Kg1
{[%clk 0:07:08]} Rg2+ {[%clk 0:24:34]} 44. Kf1 {[%clk 0:06:15]} Rxh2
{[%clk 0:24:36]} 45. Nf8 {[%clk 0:05:50]} Kh5 {[%clk 0:19:18]} 46. Rxh7+
{[%clk 0:03:51]} Kg4 {[%clk 0:19:44]} 47. Ng6 {[%clk 0:03:31]} Rd2
{[%clk 0:13:41]} 48. Nxh4 {[%clk 0:03:51]} gxh4 {[%clk 0:14:07]} 49. Rg7+
{[%clk 0:02:54]} Kf3 {[%clk 0:13:04]} 50. Rf7+ {[%clk 0:02:50]} Ke3
{[%clk 0:10:46]} 51. Rh7 {[%clk 0:02:08]} Rd1+ {[%clk 0:10:48]} 52. Kg2
{[%clk 0:02:34]} Rxd5 {[%clk 0:11:13]} 53. Rxh4 {[%clk 0:02:45]} Rf5
{[%clk 0:11:27]} 54. Rh3+ {[%clk 0:02:26]} Ke2 {[%clk 0:09:39]} 55. Rb3
{[%clk 0:01:17]} Rb5 {[%clk 0:07:44]} 56. Kg3 {[%clk 0:01:29]} Kd2
{[%clk 0:08:10]} 57. Kf4 {[%clk 0:01:14]} Kc2 {[%clk 0:08:37]} 58. Ra3
{[%clk 0:01:38]} Rxb4+ {[%clk 0:08:30]} 59. Ke3 {[%clk 0:01:51]} d5
{[%clk 0:08:20]} 60. Ra2+ {[%clk 0:02:14]} Kc3 {[%clk 0:08:20]} 61. Ra3+
{[%clk 0:02:38]} Kc4 {[%clk 0:08:23]} 62. Kd2 {[%clk 0:03:01]} Rb2+
{[%clk 0:08:35]} 63. Kd1 {[%clk 0:02:57]} Rb3 {[%clk 0:08:41]} 64. Rxb3
{[%clk 0:02:35]} Kxb3 {[%clk 0:09:07]} 65. Kd2 {[%clk 0:03:01]} Kc4
{[%clk 0:09:30]} 66. Kc2 {[%clk 0:03:28]} 1/2-1/2

[Event "Moscow_Open_19_TurnirA"]
[Site "?"]
[Date "2019.02.01"]
[Round "7.10"]
[White "Shukh, Nikolai"]
[Black "Iljiushenok, Ilia"]
[Result "1-0"]
[BlackElo "2533"]
[WhiteElo "2459"]
[LiveChessVersion "1.4.8"]

1. e4 {[%clk 1:30:56]} c6 {[%clk 1:24:36]} 2. d4 {[%clk 1:29:37]} d5 3. Nd2 dxe4
{[%clk 1:25:26]} 4. Nxe4 {[%clk 1:30:21]} Bf5 {[%clk 1:25:52]} 5. Ng3
{[%clk 1:30:45]} Bg6 6. N1e2 {[%clk 1:29:01]} e6 {[%clk 1:26:28]} 7. Nf4
{[%clk 1:29:20]} Bd6 {[%clk 1:22:14]} 8. Bc4 {[%clk 1:27:23]} Nf6
{[%clk 1:22:14]} 9. c3 Nbd7 {[%clk 1:14:59]} 10. Qf3 {[%clk 1:21:32]} e5
{[%clk 1:00:38]} 11. Nxg6 {[%clk 1:21:32]} hxg6 {[%clk 1:00:38]} 12. Ne4
{[%clk 1:21:32]} Qc7 {[%clk 1:00:38]} 13. Nxd6+ {[%clk 1:21:32]} Qxd6 14. Be3
exd4 {[%clk 0:45:40]} 15. Bxd4 {[%clk 1:09:13]} O-O 16. O-O-O {[%clk 1:04:29]}
Ne5 {[%clk 0:43:44]} 17. Bxe5 {[%clk 1:03:56]} Qxe5 {[%clk 0:44:12]} 18. Rhe1
{[%clk 1:04:09]} Qc5 {[%clk 0:42:50]} 19. Qf4 {[%clk 0:59:17]} Rae8 20. b4
{[%clk 0:35:03]} Qh5 {[%clk 0:24:58]} 21. Rxe8 {[%clk 0:31:03]} Rxe8
{[%clk 0:25:20]} 22. Qc7 {[%clk 0:30:47]} Nd5 {[%clk 0:24:12]} 23. Bxd5
{[%clk 0:25:35]} cxd5 {[%clk 0:23:31]} 24. Qxb7 {[%clk 0:24:57]} Qg5+
{[%clk 0:09:41]} 25. Kb2 {[%clk 0:19:31]} Qxg2 {[%clk 0:05:33]} 26. Rd2
{[%clk 0:19:18]} Rd8 {[%clk 0:02:51]} 27. Qe7 {[%clk 0:14:55]} Ra8
{[%clk 0:02:07]} 28. Qd6 Rf8 {[%clk 0:01:35]} 29. Qxd5 {[%clk 0:12:52]} Qxh2 30.
a4 {[%clk 0:11:10]} Rc8 {[%clk 0:01:32]} 31. Qd7 {[%clk 0:09:52]} Qb8
{[%clk 0:01:55]} 32. a5 {[%clk 0:10:13]} Rf8 {[%clk 0:01:13]} 33. a6
{[%clk 0:10:14]} Qf4 {[%clk 0:00:54]} 34. Qd4 {[%clk 0:09:23]} Qb8
{[%clk 0:00:59]} 35. Qd7 {[%clk 0:07:48]} Qf4 {[%clk 0:01:18]} 36. Rc2
{[%clk 0:07:41]} Qb8 {[%clk 0:00:34]} 37. Re2 {[%clk 0:05:55]} Rd8
{[%clk 0:00:39]} 38. Qc6 {[%clk 0:04:16]} Qf4 {[%clk 0:00:40]} 39. Re8+
{[%clk 0:03:02]} Rxe8 {[%clk 0:01:09]} 40. Qxe8+ {[%clk 0:33:26]} Kh7
{[%clk 0:31:36]} 41. Qe3 {[%clk 0:33:00]} Qb8 {[%clk 0:26:53]} 42. Kb3
{[%clk 0:33:03]} f5 {[%clk 0:26:04]} 43. Qc5 {[%clk 0:32:42]} Qa8
{[%clk 0:13:44]} 44. b5 {[%clk 0:32:44]} Qh1 {[%clk 0:11:04]} 45. Kc4
{[%clk 0:28:02]} Qd1 {[%clk 0:04:50]} 46. Qd4 {[%clk 0:27:07]} Qe2+
{[%clk 0:05:13]} 47. Kc5 {[%clk 0:27:20]} g5 {[%clk 0:05:38]} 48. c4
{[%clk 0:25:47]} Qe6 {[%clk 0:02:49]} 49. Qd6 {[%clk 0:16:41]} Qe2
{[%clk 0:03:18]} 50. b6 {[%clk 0:13:56]} Qxf2+ {[%clk 0:03:04]} 51. Kb5
{[%clk 0:14:22]} Qb2+ {[%clk 0:01:54]} 52. Qb4 {[%clk 0:14:28]} Qe5+
{[%clk 0:02:11]} 53. Kc6 {[%clk 0:11:40]} axb6 {[%clk 0:01:33]} 54. a7
{[%clk 0:11:24]} Qe8+ {[%clk 0:01:23]} 55. Kc7 {[%clk 0:10:07]} g4
{[%clk 0:01:38]} 56. Qd6 {[%clk 0:09:11]} Qa8 {[%clk 0:00:36]} 57. Kxb6
{[%clk 0:09:20]} Qe4 {[%clk 0:00:33]} 58. Qd5 {[%clk 0:09:10]} 1-0

[Event "Moscow_Open_19_TurnirA"]
[Site "?"]
[Date "2019.02.01"]
[Round "7.12"]
[White "Potapov, Pavel"]
[Black "Schekachikhin, Maksim"]
[Result "1-0"]
[BlackElo "2391"]
[WhiteElo "2516"]
[LiveChessVersion "1.4.8"]

1. e4 {[%clk 1:30:58]} c6 {[%clk 1:30:44]} 2. d4 {[%clk 1:31:06]} d5
{[%clk 1:31:00]} 3. e5 {[%clk 1:31:32]} c5 {[%clk 1:30:56]} 4. dxc5
{[%clk 1:31:56]} Nc6 {[%clk 1:31:19]} 5. Nf3 {[%clk 1:32:06]} Bg4
{[%clk 1:31:09]} 6. c3 {[%clk 1:32:08]} a6 {[%clk 1:30:21]} 7. Be3
{[%clk 1:12:57]} Nxe5 {[%clk 1:24:25]} 8. Nbd2 {[%clk 1:13:00]} Nf6
{[%clk 1:24:25]} 9. Be2 {[%clk 1:04:35]} Nxf3+ {[%clk 1:18:48]} 10. Nxf3
{[%clk 1:03:06]} e6 {[%clk 1:16:51]} 11. h3 {[%clk 1:02:19]} Be7 {[%clk 1:01:42]}
12. O-O {[%clk 1:02:19]} O-O {[%clk 1:01:42]} 13. b4 {[%clk 1:02:19]} Qc7
{[%clk 1:01:42]} 14. Qb3 {[%clk 1:02:19]} Bxf3 {[%clk 1:01:42]} 15. Bxf3
{[%clk 0:50:35]} Nd7 16. Rfd1 Bf6 {[%clk 0:54:57]} 17. Rac1 {[%clk 0:49:30]} Rfd8
{[%clk 0:40:51]} 18. a3 h6 19. Be2 {[%clk 0:40:03]} Ne5 {[%clk 0:31:50]} 20. c4
{[%clk 0:26:24]} Nxc4 {[%clk 0:30:51]} 21. Bxc4 {[%clk 0:26:31]} dxc4
{[%clk 0:31:09]} 22. Qxc4 {[%clk 0:26:57]} Qc6 {[%clk 0:27:49]} 23. Qb3
{[%clk 0:25:50]} Be5 {[%clk 0:23:21]} 24. a4 {[%clk 0:24:44]} Qc7
{[%clk 0:20:55]} 25. b5 {[%clk 0:19:59]} axb5 {[%clk 0:19:50]} 26. axb5
{[%clk 0:20:21]} Rxd1+ {[%clk 0:15:50]} 27. Rxd1 {[%clk 0:19:39]} Rd8
{[%clk 0:12:05]} 28. Kf1 {[%clk 0:19:07]} Rxd1+ {[%clk 0:10:27]} 29. Qxd1
{[%clk 0:19:31]} Kf8 {[%clk 0:08:36]} 30. Ke2 {[%clk 0:18:34]} Ke7
{[%clk 0:07:46]} 31. Qa4 {[%clk 0:18:05]} Qd7 {[%clk 0:04:29]} 32. Qc4
{[%clk 0:13:33]} Ke8 33. Qd3 {[%clk 0:11:50]} Qc7 {[%clk 0:03:31]} 34. Qe4
{[%clk 0:11:16]} f5 {[%clk 0:03:20]} 35. Qa4 {[%clk 0:09:44]} Ke7
{[%clk 0:02:33]} 36. f4 {[%clk 0:09:39]} Bf6 {[%clk 0:01:35]} 37. b6
{[%clk 0:08:51]} Qd7 {[%clk 0:00:49]} 38. c6 {[%clk 0:09:11]} Qd5
{[%clk 0:00:44]} 39. c7 {[%clk 0:08:24]} Qxg2+ {[%clk 0:00:34]} 40. Bf2
{[%clk 0:38:42]} Bh4 {[%clk 0:30:35]} 41. Qa3+ {[%clk 0:32:25]} Kd7
{[%clk 0:27:20]} 42. Qa4+ {[%clk 0:30:18]} Ke7 {[%clk 0:26:43]} 43. c8=Q
{[%clk 0:30:31]} Qxf2+ {[%clk 0:26:49]} 44. Kd1 {[%clk 0:30:00]} Qf1+
{[%clk 0:26:12]} 45. Kc2 {[%clk 0:30:00]} Qf2+ {[%clk 0:26:04]} 46. Kb1
{[%clk 0:29:44]} Qxb6+ {[%clk 0:26:03]} 47. Ka2 {[%clk 0:30:04]} Kf6
{[%clk 0:24:28]} 48. Qf8+ {[%clk 0:30:06]} 1-0

[Event "Moscow_Open_19_TurnirA"]
[Site "?"]
[Date "2019.02.01"]
[Round "7.14"]
[White "Soumya, Swaminathan"]
[Black "Gagare, Shardul"]
[Result "1-0"]
[BlackElo "2495"]
[WhiteElo "2416"]
[LiveChessVersion "1.4.8"]

1. e4 {[%clk 1:30:49]} e5 {[%clk 1:25:44]} 2. Nf3 {[%clk 1:31:14]} Nc6
{[%clk 1:26:06]} 3. Bb5 {[%clk 1:31:29]} a6 {[%clk 1:26:29]} 4. Ba4
{[%clk 1:31:56]} Nf6 {[%clk 1:26:54]} 5. O-O {[%clk 1:31:29]} Be7
{[%clk 1:26:47]} 6. d3 {[%clk 1:31:52]} b5 {[%clk 1:26:46]} 7. Bb3
{[%clk 1:32:19]} d6 {[%clk 1:27:04]} 8. c3 {[%clk 1:32:31]} O-O {[%clk 1:25:21]}
9. Re1 {[%clk 1:32:56]} Na5 {[%clk 1:25:10]} 10. Bc2 {[%clk 1:33:23]} c5
{[%clk 1:25:32]} 11. Nbd2 {[%clk 1:31:35]} Nc6 {[%clk 1:25:44]} 12. Nf1
{[%clk 1:31:33]} Re8 {[%clk 1:25:32]} 13. h3 {[%clk 1:30:58]} h6 {[%clk 1:25:51]}
14. Ng3 {[%clk 1:31:21]} Be6 {[%clk 1:26:10]} 15. d4 {[%clk 1:30:59]} cxd4
{[%clk 1:26:26]} 16. cxd4 {[%clk 1:31:27]} exd4 {[%clk 1:26:42]} 17. Nxd4
{[%clk 1:31:55]} Nxd4 {[%clk 1:27:03]} 18. Qxd4 {[%clk 1:32:21]} Rc8
{[%clk 1:27:20]} 19. Bb3 {[%clk 1:32:46]} d5 {[%clk 1:27:31]} 20. e5
{[%clk 1:31:54]} Bc5 {[%clk 1:27:36]} 21. Qf4 {[%clk 1:30:54]} Nd7
{[%clk 1:28:10]} 22. Nh5 {[%clk 1:29:44]} Qg5 23. Qxg5 {[%clk 1:29:48]} hxg5
{[%clk 1:28:34]} 24. Bxg5 {[%clk 1:27:38]} Bd4 {[%clk 1:28:54]} 25. Re2
{[%clk 1:24:50]} Bxe5 {[%clk 1:29:08]} 26. Rd1 {[%clk 1:13:18]} d4
{[%clk 1:11:20]} 27. Bxe6 {[%clk 1:13:18]} Rxe6 {[%clk 1:11:20]} 28. Kf1 f6 29.
f4 {[%clk 1:03:43]} fxg5 {[%clk 1:10:19]} 30. fxe5 {[%clk 1:04:10]} Nxe5
{[%clk 0:45:06]} 31. Rxd4 Kf7 {[%clk 0:24:54]} 32. Rd5 {[%clk 0:51:20]} Rce8
{[%clk 0:14:55]} 33. b3 {[%clk 0:49:29]} Kg6 {[%clk 0:08:05]} 34. g4
{[%clk 0:47:36]} Kh6 {[%clk 0:06:05]} 35. Ng3 {[%clk 0:44:48]} g6
{[%clk 0:06:29]} 36. Kf2 {[%clk 0:35:32]} Nc6 {[%clk 0:03:20]} 37. Rxe6
{[%clk 0:33:23]} Rxe6 {[%clk 0:03:47]} 38. a4 {[%clk 0:32:03]} bxa4
{[%clk 0:03:20]} 39. bxa4 {[%clk 0:32:30]} Nb4 40. Rd7 {[%clk 0:57:29]} Re5
{[%clk 0:30:34]} 41. Kf3 {[%clk 0:50:13]} Nd5 {[%clk 0:08:03]} 42. Rd6
{[%clk 0:45:10]} Nb4 {[%clk 0:05:23]} 43. Rb6 {[%clk 0:30:02]} a5
{[%clk 0:05:46]} 44. Nf5+ {[%clk 0:24:39]} Kh7 {[%clk 0:06:12]} 45. Rb7+
{[%clk 0:25:01]} Kh8 {[%clk 0:06:40]} 46. Nd6 {[%clk 0:23:09]} Kg8
{[%clk 0:04:53]} 47. Nc4 {[%clk 0:22:18]} Rc5 {[%clk 0:03:33]} 48. Nxa5
{[%clk 0:22:35]} Nd3 {[%clk 0:03:33]} 49. Rb5 {[%clk 0:19:50]} Rc2
{[%clk 0:02:42]} 50. Rxg5 {[%clk 0:17:09]} Kg7 {[%clk 0:02:02]} 51. Nb7
{[%clk 0:14:24]} Rc3 {[%clk 0:01:25]} 52. Ke4 {[%clk 0:14:36]} Nf2+
{[%clk 0:01:25]} 53. Kd4 {[%clk 0:14:56]} Ra3 {[%clk 0:01:15]} 54. a5
{[%clk 0:09:50]} Nxh3 {[%clk 0:00:46]} 55. Rb5 {[%clk 0:09:46]} Nf4
{[%clk 0:01:04]} 56. Kc5 {[%clk 0:09:19]} Ne6+ {[%clk 0:00:42]} 57. Kb6
{[%clk 0:09:26]} Kf6 {[%clk 0:01:05]} 58. Nc5 {[%clk 0:07:13]} Nd4
{[%clk 0:01:17]} 59. Ne4+ {[%clk 0:06:59]} Ke6 {[%clk 0:01:17]} 60. Rg5
{[%clk 0:06:06]} Rb3+ {[%clk 0:00:35]} 61. Kc5 {[%clk 0:06:01]} Nc2
{[%clk 0:00:49]} 62. Rxg6+ {[%clk 0:05:46]} Ke5 {[%clk 0:01:15]} 63. Nd2
{[%clk 0:06:03]} Rb8 {[%clk 0:00:59]} 64. a6 {[%clk 0:04:56]} Ra8
{[%clk 0:00:33]} 65. Kb6 {[%clk 0:04:53]} Nb4 {[%clk 0:00:43]} 66. a7
{[%clk 0:04:46]} Rf8 {[%clk 0:00:59]} 67. Rg7 {[%clk 0:04:12]} Kf6
{[%clk 0:01:04]} 68. Rb7 {[%clk 0:04:06]} Ra8 {[%clk 0:01:27]} 69. Ne4+
{[%clk 0:04:04]} Ke5 {[%clk 0:01:48]} 70. Nc3 {[%clk 0:03:53]} Kf4
{[%clk 0:00:33]} 71. Nb5 {[%clk 0:04:15]} Nd5+ {[%clk 0:00:44]} 72. Kc6
{[%clk 0:04:10]} Nb4+ {[%clk 0:00:36]} 73. Kb6 {[%clk 0:03:12]} Nd5+
{[%clk 0:01:00]} 74. Kc5 {[%clk 0:03:39]} Ke5 {[%clk 0:01:22]} 75. Rb8
{[%clk 0:03:45]} Nc7 {[%clk 0:01:48]} 76. Rxa8 {[%clk 0:04:22]} Nxa8
{[%clk 0:02:14]} 77. Kc6 {[%clk 0:04:22]} 1-0

[Event "Moscow_Open_19_TurnirA"]
[Site "?"]
[Date "2019.02.01"]
[Round "7.15"]
[White "Suleymenov, Alisher"]
[Black "Makhnev, Denis"]
[Result "1-0"]
[BlackElo "2495"]
[WhiteElo "2404"]
[LiveChessVersion "1.4.8"]

1. Nf3 {[%clk 1:28:34]} d5 {[%clk 1:30:46]} 2. d4 {[%clk 1:25:41]} e6
{[%clk 1:31:07]} 3. g3 {[%clk 1:24:59]} Nf6 4. Bg2 b5 5. O-O {[%clk 1:22:30]}
Nbd7 {[%clk 1:30:23]} 6. a4 {[%clk 1:09:20]} b4 {[%clk 1:30:47]} 7. c4
{[%clk 1:09:36]} bxc3 {[%clk 1:31:11]} 8. Nxc3 Be7 {[%clk 1:22:09]} 9. Bf4
{[%clk 1:07:35]} c6 {[%clk 1:22:18]} 10. Qc2 {[%clk 1:02:27]} O-O
{[%clk 1:22:26]} 11. e4 {[%clk 1:02:54]} Ba6 {[%clk 1:21:50]} 12. Rfb1
{[%clk 0:48:14]} dxe4 13. Nxe4 Nxe4 {[%clk 1:08:49]} 14. Qxe4 {[%clk 0:48:42]}
Rc8 15. b4 {[%clk 0:45:02]} Bc4 16. b5 {[%clk 0:33:01]} Bd5 {[%clk 1:02:03]} 17.
Qe2 {[%clk 0:30:47]} Bf6 18. Bd6 {[%clk 0:18:55]} Be7 {[%clk 0:54:44]} 19. Bf4
{[%clk 0:19:09]} Bf6 {[%clk 0:47:23]} 20. Bd6 {[%clk 0:12:50]} Be7
{[%clk 0:45:59]} 21. Bf4 {[%clk 0:13:18]} Qa5 {[%clk 0:40:31]} 22. Ne5
{[%clk 0:10:12]} Nxe5 {[%clk 0:40:32]} 23. Bxe5 {[%clk 0:10:28]} Bxg2
{[%clk 0:37:54]} 24. Kxg2 {[%clk 0:10:56]} Rfd8 {[%clk 0:38:10]} 25. bxc6
{[%clk 0:10:43]} Rxc6 {[%clk 0:23:49]} 26. Rb7 {[%clk 0:08:00]} Bf6
{[%clk 0:20:41]} 27. Qf3 {[%clk 0:01:53]} Rcc8 {[%clk 0:17:03]} 28. Bxf6
{[%clk 0:01:10]} gxf6 {[%clk 0:17:29]} 29. Ra3 Rxd4 {[%clk 0:12:49]} 30. Qxf6
{[%clk 0:01:07]} Qd5+ {[%clk 0:13:13]} 31. Qf3 Rd2 {[%clk 0:07:18]} 32. Qxd5
{[%clk 0:01:02]} exd5 {[%clk 0:08:11]} 33. Rxa7 {[%clk 0:01:14]} d4 34. Rf3
{[%clk 0:00:50]} Rf8 {[%clk 0:08:37]} 35. Rd7 {[%clk 0:00:46]} Rd1
{[%clk 0:09:03]} 36. g4 Kg7 37. h4 {[%clk 0:00:50]} h6 {[%clk 0:07:25]} 38. Kg3
{[%clk 0:00:59]} Rg1+ {[%clk 0:07:48]} 39. Kh2 {[%clk 0:01:05]} Rxg4
{[%clk 0:04:49]} 40. Rg3 {[%clk 0:31:34]} Rxg3 {[%clk 0:35:13]} 41. Kxg3
{[%clk 0:32:03]} Kf6 {[%clk 0:31:14]} 42. Rxd4 {[%clk 0:32:21]} Ke5
{[%clk 0:31:40]} 43. Rf4 {[%clk 0:20:00]} f5 {[%clk 0:26:14]} 44. a5
{[%clk 0:19:01]} Rg8+ {[%clk 0:24:59]} 45. Kf3 {[%clk 0:19:30]} Rg6
{[%clk 0:25:27]} 46. Rb4 {[%clk 0:18:09]} Rg1 {[%clk 0:25:56]} 47. Ra4
{[%clk 0:17:46]} Rg7 {[%clk 0:26:22]} 48. a6 {[%clk 0:18:05]} Ra7
{[%clk 0:26:51]} 49. Ra5+ {[%clk 0:17:43]} Kf6 {[%clk 0:27:20]} 50. Kf4
{[%clk 0:15:39]} Kg6 {[%clk 0:27:47]} 51. Ra4 {[%clk 0:15:17]} Kf6
{[%clk 0:28:10]} 52. f3 {[%clk 0:14:00]} Kg6 {[%clk 0:28:36]} 53. Ke5
{[%clk 0:14:16]} Kh5 {[%clk 0:29:02]} 1-0

[Event "Moscow_Open_19_TurnirA"]
[Site "?"]
[Date "2019.02.01"]
[Round "7.16"]
[White "Drygalov, Andrey"]
[Black "Yeletsky, Ivan"]
[Result "1-0"]
[BlackElo "2406"]
[WhiteElo "2485"]
[LiveChessVersion "1.4.8"]

1. e4 {[%clk 1:28:29]} e5 {[%clk 1:30:50]} 2. Nf3 {[%clk 1:28:54]} Nc6
{[%clk 1:31:10]} 3. Bc4 {[%clk 1:29:21]} Nf6 {[%clk 1:31:26]} 4. d3
{[%clk 1:29:46]} Bc5 {[%clk 1:31:32]} 5. c3 {[%clk 1:29:02]} a6 {[%clk 1:31:40]}
6. O-O {[%clk 1:29:12]} Ba7 {[%clk 1:30:33]} 7. a4 {[%clk 1:29:58]} d6
{[%clk 1:29:38]} 8. Re1 {[%clk 1:29:58]} O-O 9. h3 b5 {[%clk 1:19:44]} 10. Bb3
{[%clk 1:25:46]} b4 {[%clk 1:20:02]} 11. a5 {[%clk 1:23:46]} Rb8 12. Nbd2 Be6
{[%clk 1:19:58]} 13. Nc4 {[%clk 1:21:36]} Nd7 14. d4 {[%clk 0:52:59]} exd4
{[%clk 1:00:18]} 15. Nxd4 Nce5 {[%clk 0:48:46]} 16. Nxe5 {[%clk 0:47:24]} Bxb3
{[%clk 0:48:00]} 17. Nec6 {[%clk 0:44:33]} Bxd1 {[%clk 0:47:47]} 18. Nxd8
{[%clk 0:44:20]} bxc3 19. bxc3 {[%clk 0:42:56]} Bxd4 {[%clk 0:38:26]} 20. cxd4
{[%clk 0:43:05]} Rbxd8 {[%clk 0:38:40]} 21. Rxd1 {[%clk 0:43:29]} Rfe8
{[%clk 0:32:19]} 22. f3 {[%clk 0:34:28]} d5 {[%clk 0:11:34]} 23. Bf4
{[%clk 0:26:53]} dxe4 {[%clk 0:09:11]} 24. fxe4 {[%clk 0:26:12]} c5
{[%clk 0:07:36]} 25. Rac1 {[%clk 0:23:10]} Rc8 {[%clk 0:06:36]} 26. dxc5
{[%clk 0:14:43]} Nxc5 {[%clk 0:06:45]} 27. Rd6 {[%clk 0:14:43]} h6
{[%clk 0:04:09]} 28. e5 {[%clk 0:13:30]} Kh7 29. h4 {[%clk 0:11:40]} Nb3
{[%clk 0:00:40]} 30. Rxc8 {[%clk 0:11:27]} Rxc8 {[%clk 0:01:03]} 31. Rxa6
{[%clk 0:11:50]} Rc5 {[%clk 0:00:47]} 32. Ra7 {[%clk 0:12:10]} Rxa5
{[%clk 0:00:39]} 33. Rxf7 {[%clk 0:12:33]} Nc5 {[%clk 0:00:40]} 34. Re7
{[%clk 0:12:09]} Ra6 {[%clk 0:00:36]} 35. Be3 {[%clk 0:11:16]} Ne6
{[%clk 0:00:36]} 36. h5 {[%clk 0:10:08]} Nd8 {[%clk 0:00:33]} 37. Rd7
{[%clk 0:09:56]} Ne6 {[%clk 0:00:33]} 38. Rd6 {[%clk 0:05:27]} Rxd6
{[%clk 0:00:33]} 39. exd6 {[%clk 0:05:52]} Nf8 {[%clk 0:00:33]} 40. Kf2
{[%clk 0:35:45]} Kg8 {[%clk 0:30:40]} 41. Kf3 {[%clk 0:36:01]} Kf7
{[%clk 0:30:23]} 42. Ke4 {[%clk 0:34:46]} Ke8 {[%clk 0:09:32]} 43. Kd5
{[%clk 0:26:51]} Kd7 {[%clk 0:09:40]} 44. g3 {[%clk 0:20:07]} g6 {[%clk 0:01:29]}
45. Bxh6 {[%clk 0:18:22]} Nh7 {[%clk 0:01:40]} 46. Ke5 {[%clk 0:17:27]} gxh5
{[%clk 0:01:44]} 47. Kf5 {[%clk 0:16:39]} Kxd6 {[%clk 0:01:56]} 48. Kg6
{[%clk 0:16:57]} Ke5 {[%clk 0:00:35]} 49. Kxh7 {[%clk 0:17:07]} Kf5
{[%clk 0:00:43]} 50. Bd2 {[%clk 0:17:31]} Kg4 {[%clk 0:00:47]} 51. Be1
{[%clk 0:17:56]} Kg5 {[%clk 0:00:40]} 52. Kg7 {[%clk 0:18:19]} 1-0

[Event "Moscow_Open_19_TurnirA"]
[Site "?"]
[Date "2019.02.02"]
[Round "8.1"]
[White "Savchenko, Boris"]
[Black "Khanin, Semen"]
[Result "1-0"]
[BlackElo "2514"]
[WhiteElo "2562"]
[LiveChessVersion "1.4.8"]

1. d4 {[%clk 1:29:58]} Nf6 {[%clk 1:14:40]} 2. c4 {[%clk 1:30:19]} g6
{[%clk 1:15:07]} 3. f3 {[%clk 1:30:28]} c5 {[%clk 1:14:52]} 4. d5
{[%clk 1:30:49]} Bg7 {[%clk 1:14:25]} 5. e4 {[%clk 1:30:30]} d6 {[%clk 1:14:51]}
6. Nc3 {[%clk 1:30:27]} O-O {[%clk 1:15:15]} 7. Nge2 {[%clk 1:30:50]} e6
{[%clk 1:15:41]} 8. Ng3 {[%clk 1:31:12]} exd5 {[%clk 1:16:06]} 9. cxd5
{[%clk 1:31:37]} a6 {[%clk 1:16:33]} 10. a4 {[%clk 1:31:39]} h5 {[%clk 1:16:55]}
11. Be2 {[%clk 1:30:27]} h4 {[%clk 1:13:32]} 12. Nf1 {[%clk 1:30:45]} Nh7
{[%clk 1:11:27]} 13. Ne3 {[%clk 1:30:23]} Nd7 {[%clk 1:07:59]} 14. O-O
{[%clk 1:29:37]} f5 15. exf5 {[%clk 1:28:30]} gxf5 {[%clk 1:08:46]} 16. f4
{[%clk 1:28:14]} Ndf6 {[%clk 0:59:43]} 17. Bd3 {[%clk 1:24:18]} Ne8
{[%clk 1:00:07]} 18. Bd2 {[%clk 1:18:29]} Rb8 {[%clk 0:54:01]} 19. Kh1
{[%clk 1:17:24]} b5 {[%clk 0:44:59]} 20. axb5 {[%clk 1:15:03]} axb5
{[%clk 0:45:00]} 21. Nxb5 {[%clk 1:13:01]} Bd7 {[%clk 0:44:35]} 22. Na7
{[%clk 1:10:44]} Bxb2 {[%clk 0:39:22]} 23. Nc6 {[%clk 1:08:34]} Bxc6
{[%clk 0:39:24]} 24. dxc6 {[%clk 1:08:59]} Bxa1 {[%clk 0:36:07]} 25. Bc4+
{[%clk 1:06:31]} Kg7 {[%clk 0:36:12]} 26. Qxa1+ {[%clk 1:06:18]} Kg6
{[%clk 0:36:36]} 27. g4 {[%clk 1:03:55]} Nhf6 {[%clk 0:35:01]} 28. gxf5+
{[%clk 0:56:27]} Kh7 {[%clk 0:35:22]} 29. Qe1 {[%clk 0:54:56]} d5
{[%clk 0:30:12]} 30. Qxh4+ {[%clk 0:47:14]} Kg8 {[%clk 0:30:37]} 31. Qg3+
{[%clk 0:45:57]} Ng7 {[%clk 0:29:54]} 32. Nxd5 {[%clk 0:46:17]} Nxd5
{[%clk 0:29:59]} 33. c7 {[%clk 0:46:42]} 1-0